<?xml version="1.0" encoding="UTF-8"?>
<record
    xmlns:xsi="http://www.w3.org/2001/XMLSchema-instance"
    xsi:schemaLocation="http://www.loc.gov/MARC21/slim http://www.loc.gov/standards/marcxml/schema/MARC21slim.xsd"
    xmlns="http://www.loc.gov/MARC21/slim">

  <leader>00932nam a2200217Ia 4500</leader>
  <controlfield tag="001">4747</controlfield>
  <controlfield tag="003">GE_BSU</controlfield>
  <controlfield tag="008">181216s||||||||xx |||||||||||||| ||und||</controlfield>
  <datafield tag="040" ind1=" " ind2=" ">
    <subfield code="c">GE_BSU</subfield>
  </datafield>
  <datafield tag="080" ind1=" " ind2=" ">
    <subfield code="a">512.54+512.81</subfield>
  </datafield>
  <datafield tag="100" ind1=" " ind2=" ">
    <subfield code="a">&#x411;&#x443;&#x440;&#x431;&#x430;&#x43A;&#x438;, &#x41D;.</subfield>
  </datafield>
  <datafield tag="245" ind1=" " ind2=" ">
    <subfield code="a">&#x413;&#x440;&#x443;&#x43F;&#x43F;&#x44B; &#x438; &#x410;&#x43B;&#x433;&#x435;&#x431;&#x440;&#x44B;  &#x43B;&#x438;. &#x413;&#x440;&#x443;&#x43F;&#x44B;  &#x43A;&#x43E;&#x43A;&#x441;&#x442;&#x435;&#x440;&#x430; &#x438;  &#x441;&#x438;&#x441;&#x442;&#x435;&#x43C;&#x44B;  &#x442;&#x438;&#x442;&#x441;&#x430;. &#x413;&#x440;&#x443;&#x43F;&#x43F;&#x44B;,  &#x43F;&#x43E;&#x440;&#x43E;&#x436;&#x434;&#x435;&#x43D;&#x43D;&#x44B;&#x435; &#x43E;&#x442;&#x440;&#x430;&#x436;&#x435;&#x43D;&#x438;&#x44F;&#x43C;&#x438; &#x441;&#x438;&#x441;&#x442;&#x435;&#x43C;&#x44B;   &#x43A;&#x43E;&#x440;&#x43D;&#x435;&#x439;</subfield>
  </datafield>
  <datafield tag="245" ind1=" " ind2=" ">
    <subfield code="c">&#x41F;&#x43E;&#x434;. &#x435;&#x434;. &#x410;.&#x418;.  &#x41A;&#x43E;&#x441;&#x442;&#x440;&#x438;&#x43A;&#x438;&#x43D;&#x430;. &#x41F;&#x435;&#x440;. &#x441; &#x444;&#x440;&#x430;&#x43D;&#x446;&#x443;&#x437;&#x441;&#x43A;&#x43E;&#x433;&#x43E; &#x410;.&#x418;.  &#x41A;&#x43E;&#x441;&#x442;&#x440;&#x438;&#x43A;&#x438;&#x43D;&#x430;,  &#x410;.&#x418;.&#x422;&#x44E;&#x440;&#x438;&#x43D;&#x430;.</subfield>
  </datafield>
  <datafield tag="260" ind1=" " ind2=" ">
    <subfield code="a">&#x41C;&#x43E;&#x441;&#x43A;&#x432;&#x430;</subfield>
  </datafield>
  <datafield tag="260" ind1=" " ind2=" ">
    <subfield code="b">&#x41C;&#x438;&#x440;</subfield>
  </datafield>
  <datafield tag="260" ind1=" " ind2=" ">
    <subfield code="c">1972</subfield>
  </datafield>
  <datafield tag="300" ind1=" " ind2=" ">
    <subfield code="a">334 &#x441;.  22 &#x441;&#x43C;.</subfield>
  </datafield>
  <datafield tag="653" ind1=" " ind2=" ">
    <subfield code="a">&#x413;&#x440;&#x443;&#x43F;&#x43F;&#x44B; &#x438; &#x410;&#x43B;&#x433;&#x435;&#x431;&#x440;&#x44B;  &#x43B;&#x438;.</subfield>
  </datafield>
  <datafield tag="653" ind1=" " ind2=" ">
    <subfield code="a">&#x413;&#x440;&#x443;&#x43F;&#x44B;  &#x43A;&#x43E;&#x43A;&#x441;&#x442;&#x435;&#x440;&#x430; &#x438;  &#x441;&#x438;&#x441;&#x442;&#x435;&#x43C;&#x44B;  &#x442;&#x438;&#x442;&#x441;&#x430;. &#x413;&#x440;&#x443;&#x43F;&#x43F;&#x44B;,  &#x43F;&#x43E;&#x440;&#x43E;&#x436;&#x434;&#x435;&#x43D;&#x43D;&#x44B;&#x435; &#x43E;&#x442;&#x440;&#x430;&#x436;&#x435;&#x43D;&#x438;&#x44F;&#x43C;&#x438; &#x441;&#x438;&#x441;&#x442;&#x435;&#x43C;&#x44B; &#x43A;&#x43E;&#x440;&#x43D;&#x435;&#x439;</subfield>
  </datafield>
  <datafield tag="942" ind1=" " ind2=" ">
    <subfield code="c">BK</subfield>
  </datafield>
  <datafield tag="999" ind1=" " ind2=" ">
    <subfield code="c">38607</subfield>
    <subfield code="d">38607</subfield>
  </datafield>
  <datafield tag="952" ind1=" " ind2=" ">
    <subfield code="0">0</subfield>
    <subfield code="1">0</subfield>
    <subfield code="4">0</subfield>
    <subfield code="7">0</subfield>
    <subfield code="9">40410</subfield>
    <subfield code="d">2018-12-17</subfield>
    <subfield code="p">15005</subfield>
    <subfield code="r">2018-12-17</subfield>
    <subfield code="w">2018-12-17</subfield>
    <subfield code="y">BK</subfield>
  </datafield>
  <datafield tag="952" ind1=" " ind2=" ">
    <subfield code="0">0</subfield>
    <subfield code="1">0</subfield>
    <subfield code="4">0</subfield>
    <subfield code="7">0</subfield>
    <subfield code="9">40411</subfield>
    <subfield code="d">2018-12-17</subfield>
    <subfield code="p">16407</subfield>
    <subfield code="r">2018-12-17</subfield>
    <subfield code="w">2018-12-17</subfield>
    <subfield code="y">BK</subfield>
  </datafield>
  <datafield tag="952" ind1=" " ind2=" ">
    <subfield code="0">0</subfield>
    <subfield code="1">0</subfield>
    <subfield code="4">0</subfield>
    <subfield code="7">0</subfield>
    <subfield code="9">40412</subfield>
    <subfield code="d">2018-12-17</subfield>
    <subfield code="p">16629</subfield>
    <subfield code="r">2018-12-17</subfield>
    <subfield code="w">2018-12-17</subfield>
    <subfield code="y">BK</subfield>
  </datafield>
  <datafield tag="952" ind1=" " ind2=" ">
    <subfield code="0">0</subfield>
    <subfield code="1">0</subfield>
    <subfield code="4">0</subfield>
    <subfield code="7">0</subfield>
    <subfield code="9">40413</subfield>
    <subfield code="d">2018-12-17</subfield>
    <subfield code="p">16637</subfield>
    <subfield code="r">2018-12-17</subfield>
    <subfield code="w">2018-12-17</subfield>
    <subfield code="y">BK</subfield>
  </datafield>
</record>
